Logos de l'association familiale Mulliez - Statistiques

Statistiques générales
  • Ce quiz a été pris 749 fois
  • Le résultat moyen est 10 sur 16
Statistiques - réponses
Par images Hint Réponse % Correct
Grande distribution Auchan
100%
Sport Decathlon
99%
Habitat Leroy Merlin
99%
Technologie Boulanger
98%
Réparation auto Norauto
97%
Prêt-à-porter Kiabi
96%
Restauration Flunch
95%
Réparation auto Midas
87%
Electroménager Electro Dépôt
55%
Prêt-à-porter Jules
44%
Prêt-à-porter Pimkie
38%
Décoration Saint-Maclou
37%
Jouets PicWicToys
23%
Prêt-à-porter Brice
14%
Prêt-à-porter Tape à l'œil
11%
Matériel de bureau Top Office
7%
Aucun quiz correspondant
Distribution des résultats
% des personnes avec chaque résultat
Percentile par nombre de réponses
Votre historique - résultats
Vous n’avez pas pris ce quiz